Jesús de Nazaret : el hombre hecho Dios : estudio filológico de los Evangelios y primeros escritos cristianos /

Guardado en:
Detalles Bibliográficos
Autor principal: Borghini, Alvaro (autor)
Formato: Libro
Idioma:Español
Publicado: Madrid, España : Siglo XXI, 2002, c2002
Temas:
Etiquetas: Agrega una etiqueta
Sin etiquetas, Sé el primero en etiquetar este registro!

MARC

LEADER 00000nam^a2200000^a^4500
001 000594930
005 20250521000000.0
009 20260310133037.71
020 |a 84-323-1091-3 
037 |a Acervo ITESO - Biblioteca 
041 |a ESP 
082 |a 232. 908  |b BOR 
100 |a Borghini, Alvaro  |e (autor) 
245 1 0 |a Jesús de Nazaret :  |b el hombre hecho Dios : estudio filológico de los Evangelios y primeros escritos cristianos /  |c A. Borghini ; pról. de Gonzalo Puente Ojea. 
264 4 |a Madrid, España :  |b Siglo XXI,  |c 2002, c2002 
300 |a XV, 158 p. 
336 |a texto  |b txt  |2 rdacontenido 
337 |a sin mediación  |b n  |2 rdamedio 
338 |a volumen  |b nc  |2 rdasoporte 
649 |a XX 
650 |a Jesucristo -  |x Historicidad -  |x Tema Principal 
650 |a Dios 
650 |a Biblia -  |x Nuevo Testamento -  |x Evangelios -  |x Historia y Crítica 
650 |a Libros Sagrados 
650 |a Literatura Antigua 
650 |a Hermenéutica 
650 |a Cristianismo -  |x Historia 
650 |a Religión -  |x Historia 
910 |a Fondo Castillo-Martínez 
920 |a Impresos - Libros 
930 |a Fondos Especiales 
905 |a 127 
901 |a 594946-10  |b IT2  |c ESP  |i D127439  |u 20250521 
902 |a https://opac.biblio.iteso.mx/vufind/Record/000594930